| 000 | 00000nam 2200000zi 4500 |
| 001 | 9.856411 |
| 003 | CaOODSP |
| 005 | 20221107155525 |
| 006 | m o d f |
| 007 | cr ||||||||||| |
| 008 | 180510t20182018onca ob f000 0 fre d |
| 020 | |a9780660265490 |
| 040 | |aCaOODSP|bfre |
| 043 | |an-cn--- |
| 086 | 1 |aPS113-1/2017-19F-PDF |
| 100 | 1 |aBania, Melanie, |eauteur. |
| 245 | 10|aAdaptations locales de programmes de prévention du crime : |btrouver l’équilibre optimal entre la fidélité et la correspondance : analyse documentaire / |créalisée par Melanie Bania, Ben Roebuck, et Vanessa Chase. |
| 264 | 1|aOttawa, Ontario : |bSécurité publique Canada = Public Safety Canada, |c[2018] |
| 264 | 4|c©2018 |
| 300 | |a1 ressource en ligne (62 pages) : |billustrations |
| 336 | |atexte|btxt|2rdacontent/fre |
| 337 | |ainformatique|bc|2rdamedia/fre |
| 338 | |aressource en ligne|bcr|2rdacarrier/fre |
| 490 | 1 |aRapport de recherche ; |v2017-R019 |
| 500 | |aPubl. aussi en anglais sous le titre : Local adaptations of crime prevention programs: finding the optimal balance between fidelity and fit : a literature review. |
| 504 | |aComprend des références bibliographiques (pages 41-48). |
| 650 | 6|aCriminalité|xPrévention. |
| 710 | 1 |aCanada. |bSécurité publique Canada. |bDivision de la recherche, |eorganisme de publication. |
| 775 | 08|tLocal adaptations of crime prevention programs : |w(CaOODSP)9.856409 |
| 830 | #0|aRapport de recherche (Canada. Sécurité publique Canada)|v2017-R019|w(CaOODSP)9.817085 |
| 856 | 40|qPDF|s1.72 Mo|uhttps://publications.gc.ca/collections/collection_2021/sp-ps/PS113-1-2017-19-fra.pdf |